000 00294nam a22001337a 4500
008 180926b xxu||||| |||| 00| 0 eng d
020 _a9780070421875
041 _aeng
080 _a101
100 _a24
101 _aFIL
245 _aQuestions that Matter
_cMiller, Ed. L
942 _2udc
_cBK
999 _c48507
_d48507